Statistics for Organisation of Islamic Cooperation (OIC) Members on a Map

Click here to take the quiz!

General Stats

  • This quiz has been taken 155 times
  • The average score is 49 of 57

Answers on the Map

Answers color-coded by a green-red scale on the quiz's map according to % correct below.
 

Answer Stats

Country% Correct
Iran
100%
Pakistan
98%
Turkey
98%
Egypt
97%
Iraq
97%
Saudi Arabia
97%
Algeria
96%
Jordan
96%
Morocco
96%
Oman
96%
Syria
96%
United Arab Emirates
96%
Yemen
96%
Afghanistan
95%
Libya
95%
Tunisia
95%
Kyrgyzstan
93%
Mali
93%
Niger
93%
Qatar
93%
Sudan
93%
Turkmenistan
93%
Uzbekistan
93%
Indonesia
92%
Kazakhstan
91%
Kuwait
91%
Mauritania
91%
Somalia
91%
Tajikistan
91%
Bahrain
90%
Chad
90%
Azerbaijan
89%
Lebanon
89%
Nigeria
89%
Senegal
89%
Malaysia
88%
Djibouti
85%
Maldives
85%
Albania
84%
Bangladesh
84%
Guinea
84%
Benin
83%
Togo
83%
Burkina Faso
81%
Brunei
80%
Cameroon
79%
Comoros
79%
Gambia
79%
Sierra Leone
77%
Guinea-Bissau
76%
Ivory Coast
74%
Gabon
62%
Uganda
61%
Palestine
56%
Mozambique
50%
Suriname
50%
Guyana
49%

Score Distribution

Percentile by Number Answered

Percent of People with Each Score

Your Score History

You have not taken this quiz